000 00619nam a2200205Ia 4500
003 GCL
008 140319s9999 xx 000 0 ara d
040 _aGCL /
_cGCL
082 0 4 _a956
_bس ح
100 1 _aشكيب ارسلان
245 1 0 _aحاضر العالم الاسلامى /
_cشكيب ارسلان
700 1 _aستودارد، لوثروب
700 1 _aعجاج نويهصى (ترجمة)
300 _a425 ص
490 _a
650 0 4 _aالتاريخ الاسلامى
650 0 4 _aالعالم الاسلامى - تاريخ
650 0 4 _aالشرق الاوسط - تاريخ
942 _2ddc
_cBK
999 _c46380
_d46380